Science Quiz

Random Science or Elements Quiz

Non-Solid Elements Quiz Stats

Quiz Updated Oct 3, 2014

Challenge
Share
Tweet
Embed
Score 0/13 Timer 01:30
0 Plays Today
% Correct
Hydrogen
91.7%
Helium
90.1%
Oxygen
89%
Mercury
84.6%
Neon
81.2%
Nitrogen
80.9%
Argon
74.8%
Xenon
72%
Krypton
59.6%
Radon
59.4%
Chlorine
58.8%
Fluorine
56.6%
Bromine
49.5%

You're not logged in!

Compare scores with friends on all Sporcle quizzes.
Sign Up with Email
OR
Log In

You Might Also Like...

Show Comments

Extras

Top Quizzes Today


Score Distribution

Your Account Isn't Verified!

In order to create a playlist on Sporcle, you need to verify the email address you used during registration. Go to your Sporcle Settings to finish the process.